نحو تحسين أنماط الانتاج المستدام بقطاع الزراعة فى مصر/
تعتبر الأنشطة والخدمات اللوجستية أحد الموضوعات الحيوية التي تزايد الاهتمام بها في السنوات الأخيرة في مجال إدارة الاعمال المتكاملة من حيث مفهومها واهميتها ومكوناتها وممارستها في منظمات الأعمال المعاصرة....
Saved in:
| 企业作者: | |
|---|---|
| 其他作者: | |
| 格式: | 图书 |
| 语言: | 阿拉伯语 |
| 出版: |
القاهرة :
معهد التخطيط القومي،
2018.
|
| 丛编: | سلسلة قضايا التخطيط والتنمية ؛
288. |
| 主题: | |
| 标签: |
添加标签
没有标签, 成为第一个标记此记录!
|
MARC
| LEADER | 00000nam a2200000 4500 | ||
|---|---|---|---|
| 003 | INP | ||
| 005 | 20190319134630.0 | ||
| 008 | 180115s2018 ua a|||| |||| 00| 0 ara d | ||
| 952 | |0 0 |1 0 |4 0 |6 338_900000000000000_س_ق_288 |7 0 |9 19454 |a INP |b INP |c JOUR |d 2019-03-19 |l 0 |o 338.9 س.ق 288 |p 020406 |r 2022-03-28 00:00:00 |w 2019-03-19 |y PDIS |0 0 | ||
| 952 | |0 0 |1 0 |4 0 |6 338_900000000000000_س_ق_288 |7 0 |9 19455 |a INP |b INP |c MAIN |d 2019-03-19 |l 0 |o 338.9 س.ق 288 |p 020405 |r 2022-03-28 00:00:00 |w 2019-03-19 |y PDIS | ||
| 952 | |0 0 |1 0 |4 0 |6 338_900000000000000_س_ق_288 |7 0 |9 19456 |a INP |b INP |c MAIN |d 2019-03-19 |l 0 |o 338.9 س.ق 288 |p 020401 |r 2019-06-27 00:00:00 |w 2019-03-19 |y PDIS | ||
| 952 | |0 0 |1 0 |4 0 |6 338_900000000000000_س_ق_288 |7 0 |9 19457 |a INP |b INP |c MAIN |d 2019-03-19 |l 0 |o 338.9 س.ق 288 |p 020455 |r 2022-03-28 00:00:00 |w 2019-03-19 |y PDIS | ||
| 952 | |0 0 |1 0 |4 0 |6 338_900000000000000_س_ق_288 |7 0 |9 19458 |a INP |b INP |c MAIN |d 2019-03-19 |l 0 |o 338.9 س.ق 288 |p 020451 |r 2022-03-28 00:00:00 |w 2019-03-19 |y PDIS | ||
| 999 | |c 16131 |d 16131 | ||
| 040 | |a EG-INP |b ara |c EG-INP | ||
| 082 | 0 | 4 | |2 21 |a 338.9 |b س.ق 288 |
| 110 | 2 | |a معهد التخطيط القومي. | |
| 245 | 1 | 0 | |a نحو تحسين أنماط الانتاج المستدام بقطاع الزراعة فى مصر/ |c معهد التخطيط القومي ؛ الباحث الرئيسي هدى صالح النمر. |
| 260 | |a القاهرة : |b معهد التخطيط القومي، |c 2018. | ||
| 300 | |a 182 ص. : |b إيض ؛ |c 24 سم. | ||
| 490 | |a سلسلة قضايا التخطيط والتنمية ؛ |v 288. | ||
| 500 | |a إصدار يونيو 2018. | ||
| 504 | |a يشتمل علي إرجاعات ببليوجرافية. | ||
| 520 | |a تعتبر الأنشطة والخدمات اللوجستية أحد الموضوعات الحيوية التي تزايد الاهتمام بها في السنوات الأخيرة في مجال إدارة الاعمال المتكاملة من حيث مفهومها واهميتها ومكوناتها وممارستها في منظمات الأعمال المعاصرة. | ||
| 650 | 7 | |2 qrmak |a القطاع الزراعى. | |
| 650 | 7 | |2 qrmak |a الزراعة. | |
| 651 | |2 مصر. | ||
| 700 | 1 | |a النمر، هدى صالح، |e باحث. | |
| 901 | |a EGPV19 | ||
| 902 | |a EGPV19 | ||
| 903 | |a original | ||
| 942 | |2 ddc |c PDIS | ||